000 00288nam a22000977a 4500
008 130411b xxu||||| |||| 00| 0 eng d
020 _cAvalable
050 _a005.8KAH
_b000058
245 _aCryptography & Network Security: Principles & Practice
_cKahate, A.
260 _aIndia
_bPrentice-Hall
_c2006
999 _c23346
_d23346